000 00434nam a2200157Ia 4500
008 160316s1991 xxu||||| |||| 00| 0 eng d
082 _a305.000000
_bGUP
100 _aGupta Dipankar
245 _aSocial stratification
250 _a
260 _aDelhi
_bOxford University Press
_c1991
300 _a496p.
_b20 cm
_cxvii
365 _bRs.375/-
650 _a1.Caste - Class - India 2.Caste - Class - Conflict - India
700 _a
_a
999 _c5068
_d5068